Medieval India / (Record no. 35721)

MARC details
000 -LEADER
fixed length control field 00853nam a2200229 a 4500
005 - DATE AND TIME OF LATEST TRANSACTION
control field 20100505160026.0
008 - FIXED-LENGTH DATA ELEMENTS--GENERAL INFORMATION
fixed length control field 090824s2009 ii a g 000 0deng d
020 ## - INTERNATIONAL STANDARD BOOK NUMBER
International Standard Book Number 8181160673
Terms of availability 850.00
037 ## - SOURCE OF ACQUISITION
Stock number PUB
040 ## - CATALOGING SOURCE
Original cataloging agency dpl
Language of cataloging English
100 ## - MAIN ENTRY--PERSONAL NAME
Personal name Bharat Bhushan
245 ## - TITLE STATEMENT
Title Medieval India /
Statement of responsibility, etc by Bharat Bhushan
260 ## - PUBLICATION, DISTRIBUTION, ETC. (IMPRINT)
Place of publication, distribution, etc New Delhi
Name of publisher, distributor, etc Maxford Books
Date of publication, distribution, etc 2008
270 ## - ADDRESS
Address 4264/3IInd Floor, Ansari Road, Daryaganj
City New Delhi
Postal code 110002
300 ## - PHYSICAL DESCRIPTION
Extent 272p.
Dimensions 25cm(Hb)
500 ## - GENERAL NOTE
General note Includes bibliographical references and index
520 ## - SUMMARY, ETC.
Summary, etc Anecdotes of a 20th century Indo-English author; some previously published as articles--
600 ## - SUBJECT ADDED ENTRY--PERSONAL NAME
Personal name Bond, Ruskin
Form subdivision Anecdotes.
650 ## - SUBJECT ADDED ENTRY--TOPICAL TERM
Topical term or geographic name as entry element Authors, Indic
Chronological subdivision 20th century
Form subdivision Anecdotes.
942 ## - ADDED ENTRY ELEMENTS (KOHA)
Source of classification or shelving scheme Dewey Decimal Classification
Item type English Books
Call number suffix BHA
Holdings
Withdrawn status Lost status Source of classification or shelving scheme Damaged status Not for loan Home library Current library Date acquired Cost, normal purchase price Total Checkouts Full call number Date last seen Cost, replacement price Koha item type
    Dewey Decimal Classification   Ordered Andrews Gunj Andrews Gunj 05/05/2010 850.00   BHA 05/05/2010 850.00 English Books

© Delhi Public Library
Hit Counter
free hit counter